| 000 | 01578nabaa22001937a 4500 | ||
|---|---|---|---|
| 999 |
_c6107 _d6107 |
||
| 003 | OSt | ||
| 005 | 20260122090621.0 | ||
| 008 | 190701b xxu||||| |||| 00| 0 spa d | ||
| 040 | _cPJ | ||
| 100 |
_96876 _aUrristi, Ramiro |
||
| 245 | 1 | 3 |
_aLa integración del Consejo de la Magistratura / _cRamiro Urristi. |
| 300 | _ap. 134-165 | ||
| 505 | _aSumario: I. Introducción.— II. El Consejo de la Magistratura.— III. Regulación constitucional de la institución.— IV. Regulación legal de la integración del órgano (cuadro sinóptico).— V. El caso “Rizzo” y la inconstitucionalidad parcial de la ley 26.855.— VI. El caso “Monner Sans” y la consolidación de la ley 26.080.— VII. El caso “Colegio de Abogados de la Ciudad”.— VIII. Los efectos de la sentencia y el ejercicio de facultades legislativas por parte de la Corte.— IX. Hechos posteriores al fallo “Colegio de Abogados”.— X. El dec. DPP 33/2022.— XI. El dec. DPP 86/2022.— XII. El fallo “Juez” y la legitimación del legislador.— XIII. El thema decidendum del fallo “Juez”.— XIV. Doctrina sobre los actos políticos y su eventual revisión judicial.— XV. Jurisprudencia sobre las cuestiones políticas.— XVI. Conclusiones. | ||
| 505 | _t¿Te interesa el texto completo? Comunicate al correo: koha@justierradelfuego.gov.ar | ||
| 650 | 0 |
_9211 _aDERECHO ADMINISTRATIVO |
|
| 650 | 0 |
_91194 _aCONSEJO DE LA MAGISTRATURA |
|
| 773 | 0 |
_02842 _93251 _dBuenos Aires : AbeledoPerrot, 2012- _oDA121 _tDerecho administrativo. Nº 145 enero/febrero 2023 _z18510590 |
|
| 942 |
_2udc _cANA |
||